Statistics for Top Grapefruit Consuming Countries Per-Capita

Click here to take the quiz!

General Stats

  • This quiz has been taken 78 times
  • The average score is 8 of 20

Answer Stats

#kg.Answer% Correct
162.85China
80%
182.48Mexico
75%
192.44Thailand
61%
123.75Costa Rica
52%
76.12Vietnam
52%
1172.16Dominica
46%
513.79Jamaica
46%
255.59Bahamas
45%
172.52Honduras
45%
113.8Saint lucia
45%
143.43Belize
44%
153.3Israel
42%
413.83Grenada
37%
202.4Suriname
37%
133.73Paraguay
21%
86.01Cyprus
17%
94.93Sudan
17%
67.62Tunisia
17%
104.87Netherlands
13%
317.63Eswatini
6%

Score Distribution

Percentile by Number Answered

Percent of People with Each Score

Your Score History

You have not taken this quiz